Five Nights at Freddy's Quiz - Statistics

General Stats
  • This quiz has been taken 7,312 times
    7,302 since last reset
  • The average score is 11 of 15
Answer Stats
Hint Answer % Correct
Who is the only Animatronic who moves on camera? Foxy The Pirate
91%
Who is the Secret Animatronic? Golden Freddy
90%
Where does Bonnie, Chica, and Freddy Start? Show Stage
88%
What are the monsters in the Game? Animatronics
87%
Who appears in the Supply Closet and Backstage? Bonnie The Bunny
87%
Who was the Creater of the Game? Scott Cawthon
86%
Which Room has a Disabled Camera in it? Kitchen
79%
Who appears when the power is out? Freddy Fazbear
74%
What does Chica's Bib say? Let's Eat
70%
What is the name of the Resteraunt Where the game takes place? Freddy Fazbear's Pizza
65%
How Many nights are their? Seven
61%
Where Does Foxy Start? Pirate Cove
59%
Who is the Security Guard? Mike Schmidt
58%
What sound does Chica make in the Kitchen? Banging Pots and Pans
36%
Which Cam can be view the Poster of Golden Freddy? West Hall Corner
27%
No matching quizzes found
Score Distribution
Percent of People with Each Score
Percentile by Number Answered
Your Score History
You have not taken this quiz since the last reset